02354nam a2200277   4500001001000000003000400010005001700014008004100031035001300072040002300085041000800108050002000116100003800136245026100174246009100435260000900526538005800535650006200593650005800655655002600713700004800739700004600787700003800833710007700871856112800948000656966OSt20260601193901.0260507b2015    mx ||||| |||| 00| 0 spa d  aTD015989  aICIbspacICIerda  aspa  aHE327bM69 2015  aAquino, Thales Leonard dos Santos 1aHacia una movilidad consciente en la Zona Metropolitana del Valle de MéxicocThales Leonard dos Santos Aquino ; directora: Mtra. Nora Morales Zaragoza ; lectores: Mtro. Tonatiuh Navarro Mastache, Mtra. Georgina Durán Quezada.h[recurso electrónico] : 1aEstrategias innovadoras aplicadas a la experiencia Iberobúsh[recurso electrónico]  a2015  aModo de acceso: World Wide Web; Adobe Acrobat Reader.  aMovilidad estudiantilvEstudio de casoszDistrito Federal  aMovilidad laboralvEstudio de casoszDistrito Federal  aLibros electrónicos  aMorales Zaragoza, Nora Angélicaedirector  aNavarro Mastache, Manuel Tonatiuhelector  aDurán Quezada, Georginaelector  aUniversidad Iberoamericana Ciudad de México.bDepartamento de Diseño  u<a href="http://www.bib.uia.mx/tesis/pdf/015989/015989.pdf">http://www.bib.uia.mx/tesis/pdf/015989/015989.pdf</a> Tipo de formato electrónico	pdf Nota pública	Texto completo en pdf. 902 ## - ELEMENTOS DE DATOS B LOCAL, LDB (RLIN) a	Diseño Estratégico e Innovación. b	Maestría 920 ## - --	Diplomado en Inteligencia Territorial, --	Universidad Autónoma Metropolitana - Cuajimalpa 920 ## - --	Diseño Industrial, --	Centro Universitário da Cidade do Rio de Janeiro 920 ## - --	Diseño de Información, --	Pontifícia Universidad Católica de Chile 921 ## - --	Experiencia del Usuario 921 ## - --	Retórica de la Imagen 921 ## - --	Diseño de Posicionamiento 922 ## - --	Taller de diseño de presentaciones 905 ## - ELEMENTOS DE DATOS E LOCAL, LDE (RLIN) a	15 915 ## - --	2015 916 ## - --	ISABEL 917 ## - --	MX 942 ## - ELEMENTOS DE PUNTO DE ACCESO ADICIONAL (KOHA) Tipo de ítem Koha	Impresos Ibero Excluir	SI 980 ## - EQUIVALENCIA O REFERENCIA-CRUZADA-MENCIÓN DE SERIE--NOMBRE DE PERSONA/TÍTULO [LOCAL, CANADÁ] Enlace entre campo y número de secuencia	126340 Información miscelánea	ADMIN1